header

Algebraic geometry and arithmetic curves (Record no. 39177)

MARC details
000 -LEADER
fixed length control field 01344nam a2200325Ia 4500
100 1# - MAIN ENTRY--AUTHOR NAME
Personal name Liu, Qing,
245 10 - TITLE STATEMENT
Title Algebraic geometry and arithmetic curves
260 ## - PUBLICATION, DISTRIBUTION, ETC. (IMPRINT)
Place of publication Oxford ;
-- New York :
Name of publisher Oxford University Press,
Year of publication 2006.
300 ## - PHYSICAL DESCRIPTION
Number of Pages xv, 577 p. :
Other physical details ill.
490 1# - SERIES STATEMENT
Series statement Oxford science publications
Series statement Oxford graduate texts in mathematics ;
650 #0 - SUBJECT ADDED ENTRY--TOPICAL TERM
Topical Term Curves, Algebraic.
Topical Term Arithmetical algebraic geometry.
856 40 - ELECTRONIC LOCATION AND ACCESS
Uniform Resource Identifier http://site.ebrary.com/lib/rucke/Doc?id=10229915

No items available.

© 2026 Rongo University
Contact us: librarian | system librarian | Rongo university